Les 100 plus grandes villes de Nouvelle Aquitaine sur une carte - Statistiques

Statistiques générales
  • Ce quiz a été pris 510 fois
  • Le résultat moyen est 47 sur 100
Réponses sur la Carte
Les réponses sont colorées sur une échelle allant du rouge au vert en fonction du pourcentage des utilisateurs qui les ont devinées à leur premier essai. Vous pouvez retrouver ces pourcentages ci-dessous.
 
Statistiques - réponses
Pop. Réponse % Correct
261 804 Bordeaux
98%
52 749 Bayonne
96%
78 535 La Rochelle
96%
77 066 Pau
96%
90 240 Poitiers
96%
129 760 Limoges
95%
25 764 Biarritz
92%
59 309 Niort
92%
32 485 Agen
90%
41 086 Angoulême
90%
11 259 Arcachon
90%
29 516 Périgueux
89%
75 729 Mérignac
88%
30 674 Mont-de-Marsan
88%
66 760 Pessac
87%
21 347 Dax
84%
25 518 Saintes
82%
26 323 Bergerac
80%
46 599 Brive-la-Gaillarde
80%
13 992 Tulle
80%
41 153 Anglet
79%
24 557 Libourne
78%
23 092 Rochefort
75%
12 840 Guéret
74%
19 029 Royan
74%
17 796 Hendaye
73%
14 601 Saint-Jean-de-Luz
73%
45 225 Talence
73%
26 556 La-Teste-de-Buch
67%
18 448 Cognac
66%
31 284 Châtellerault
65%
30 813 Bègles
64%
21 629 Villeneuve-sur-Lot
60%
17 239 Marmande
59%
8 812 Sarlat-la-Canéda
57%
40 500 Villenave-d'Ornon
54%
14 551 Biscarosse
53%
19 906 Bressuire
53%
10 616 Oloron-Sainte-Marie
53%
32 538 Saint-Médard-en-Jalles
52%
26 778 Cenon
49%
22 399 Gujan-Mestras
49%
10 058 Parthenay
49%
23 291 Lormont
46%
9 159 Ussel
46%
20 215 Bruges
44%
24 339 Le Bouscat
43%
25 835 Gradignan
42%
10 684 Orthez
42%
12 472 Andernos-les-Bains
40%
9 185 Capbreton
39%
24 374 Eysines
38%
8 193 Lège-Cap-Ferret
38%
16 004 Blanquefort
37%
17 749 Floirac
37%
14 000 Thouars
34%
11 387 Saint-Junien
33%
14 317 Saint-Paul-les-Dax
33%
16 798 Ambarès-et-Lagrave
32%
12 920 Tarnos
32%
11 095 Biganos
31%
16 789 Cestas
31%
12 854 Saint-André-de-Cubzac
31%
10 543 Urrugne
31%
11 572 Le Haillan
27%
10 105 Buxerolles
26%
9 995 Soyaux
26%
9 578 Aytré
25%
9 524 Lescar
24%
10 697 Boulazac Isle Manoire
23%
10 708 Léognan
23%
7 753 La Couronne
22%
11 064 Panazol
22%
8 421 Soustons
22%
13 915 Lons
21%
11 469 Mios
21%
9 337 Tonneins
21%
13 866 Billère
20%
10 727 Le Taillan-Médoc
20%
9 304 Saint-Jean-d’Illac
20%
8 645 Artigues-près-Bordeaux
19%
8 300 Carbon-Blanc
19%
9 004 Le Teich
19%
8 027 Malemort
19%
10 142 Parempuyre
19%
7 843 Bassens
18%
8 809 Boucau
18%
8 597 Mauléon
18%
7 956 Saint-Vincent-de-Tyrosse
17%
7 887 Salles
17%
8 669 Coutras
16%
9 828 Couzeix
16%
9 373 Le Passage
16%
9 871 Saint-Pierre-du-Mont
16%
7 853 Isle
15%
7 850 Martignas-sur-Jalle
15%
9 371 Audenge
14%
8 195 Tonnay-Charente
14%
10 005 Saint-Loubès
12%
8 741 Périgny
11%
Aucun quiz correspondant
Distribution des résultats
% des personnes avec chaque résultat
Percentile par nombre de réponses
Votre historique - résultats
Vous n’avez pas pris ce quiz